Statistics for The Best Worst Teams in MLB History

Click here to take the quiz!

General Stats

  • This quiz has been taken 11 times
  • The average score is 8 of 12

Answer Stats

HintAnswer% Correct
2021 --- 88-73Braves
83%
Won it all in 2006 with and 83-78 RecordCardinals
83%
2014 --- 88-74Giants
83%
2011 --- 90-72Cardinals
67%
2003 --- 91-71Marlins
67%
2000 --- 87-74Yankees
67%
1974 --- 90-74Athletics
50%
1959 --- 88-68Dodgers
50%
1980 --- 91-71Phillies
50%
1990 --- 91-71Reds
50%
1985 --- 91-71Royals
50%
1987 --- 85-77Twins
50%

Score Distribution

Percentile by Number Answered

Percent of People with Each Score

Your Score History

You have not taken this quiz